000
00206 a2200097 4500
001
20127
100
_a
Hopkins H
245
_a
Eqypt the crucible
260
_a
_b
Secker & Warburg
_c
090
_c
14721
_d
14721
942
_a
NUST-CAE
_c
M
_c
5249
999
_c
255200
_d
255200